000 00774nam a2200241Ia 4500
001 dia_1752
003 CHAP
005 20240417123653.0
008 220117s1996 xx 000 0 und d
010 _a172291
040 _cCHAP
082 _a630.972 M6 1996
100 _aMuñoz Rodríguez, Manrubio
_9139120
245 _aVisión y Misión Agroempresarial, Competencia y Cooperación en el Medio Rural /
_c por Manrubio Muñoz Rodríguez
260 _aChapingo, México :
_b UACh. CIESTAAM,
_c1996
300 _a334 p.
650 _a1.Agricultura
_xenseñanza/
_9151504
650 _aAgricultura
_xinvestigación.
_91577
901 _a630.972 M6 1996
902 _aM
905 _a0000001996 MEXX 0000000000ESP00
942 _cLIBRO
_2ddc
999 _c172291
_d172291